00569 2200217 4500001002100000005001500021035002000036007000300056008004100059020002200100082000800122084001400130100001400144245004000158250001100198260004800209300003700257990001900294990001900313990001900332INLIS00000000000583720241213112912 a0010-1220000229ta241213 g 1 ind  a978-979-229-429-3 a813 a813 TER n0 aTere Liye1 aNEGERI DI UJUNG TANDUK /cTere Liye acet.20 aJakarta :bPT Gramedia Pustaka Utama,c2020 a360 hlm. :bilus ;c13,5 x 20 cm a06043APBD06043 a06044APBD06044 a06045APBD06045